All Capitals starting with the Letter C - Statistics

General Stats
  • This quiz has been taken 36 times
  • The average score is 7 of 8
Answer Stats
Hint Answer % Correct
Egypt Cairo
100%
Australia Canberra
100%
Denmark Copenhagen
100%
South Africa Cape Town
97%
Moldova Chișinău
97%
Venezuela Caracas
94%
Guinea Conakry
69%
St.Lucia Castries
66%
No matching quizzes found
Score Distribution
Percent of People with Each Score
Percentile by Number Answered
Your Score History
You have not taken this quiz